|
|
|
|
| LEADER |
00000nam0a2200000 4500 |
| 001 |
298904 |
| 005 |
20231102001142.0 |
| 020 |
|
|
|a RU
|b 82-36347
|
| 035 |
|
|
|a (RuTPU)RU\TPU\book\324055
|
| 090 |
|
|
|a 298904
|
| 100 |
|
|
|a 20150623d1982 km y0rusy5003 ca
|
| 101 |
0 |
|
|a rus
|
| 102 |
|
|
|a RU
|
| 105 |
|
|
|a a z 001zy
|
| 200 |
1 |
|
|a Управление качеством продукции резиновой промышленности
|f Ф. М. Соколовская, Ф. И. Яшунская
|
| 210 |
|
|
|a Москва
|c Химия
|d 1982
|
| 215 |
|
|
|a 156 с.
|c граф.
|
| 225 |
1 |
|
|a Надежность и качество
|
| 320 |
|
|
|a Библиогр.: с. 154-156
|
| 606 |
1 |
|
|a Резиновые заводы
|x Учет о отчетность
|2 stltpush
|3 (RuTPU)RU\TPU\subj\24658
|9 48964
|
| 610 |
1 |
|
|a резиновые изделия
|
| 610 |
1 |
|
|a качество
|
| 610 |
1 |
|
|a управление
|
| 610 |
1 |
|
|a управление качеством
|
| 610 |
1 |
|
|a продукция
|
| 610 |
1 |
|
|a показатели
|
| 610 |
1 |
|
|a методы
|
| 610 |
1 |
|
|a оценка
|
| 610 |
1 |
|
|a повышение
|
| 675 |
|
|
|a 678.4:658
|z rus
|v 3
|
| 700 |
|
1 |
|a Соколовская
|b Ф. М.
|g Фаина Моисеевна
|4 070
|
| 701 |
|
1 |
|a Яшунская
|b Ф. И.
|g Фелиция Иосифовна
|4 070
|
| 801 |
|
0 |
|a RU
|b RuMRKP
|c 19950704
|g psbo
|
| 801 |
|
1 |
|a RU
|b 63413507
|c 20150623
|
| 801 |
|
2 |
|a RU
|b 63413507
|c 20180613
|g RCR
|
| 942 |
|
|
|c BK
|